000 00208 a2200097 4500
001 7011
100 _aDay, W.D
245 _aIntroduction to laplace transforms
260 _a
_bIliffe
_c
090 _c5790
_d5790
942 _aNUST-CAE
_cM
_c32256
999 _c242084
_d242084